The Quran and Modernism (Record no. 13517)
[ view plain ]
| 000 -LEADER | |
|---|---|
| fixed length control field | 00335nam a22001337a 4500 |
| 020 ## - INTERNATIONAL STANDARD BOOK NUMBER | |
| ISBN | 969-8373-01-2 |
| 082 ## - DEWEY DECIMAL CLASSIFICATION NUMBER | |
| Classification number | 297.12 |
| Item number | HUS |
| 100 ## - MAIN ENTRY--AUTHOR NAME | |
| Personal name | Iqbal S.Hussain |
| 245 ## - TITLE STATEMENT | |
| Title | The Quran and Modernism |
| Remainder of title | Beyond Science and Philosophy |
| 260 ## - PUBLICATION, DISTRIBUTION, ETC. (IMPRINT) | |
| Place of publication | Lahore |
| Name of publisher | Adabistan |
| Year of publication | 2000 |
| 300 ## - PHYSICAL DESCRIPTION | |
| Number of Pages | xix, 473 Pages |
| 650 ## - SUBJECT ADDED ENTRY--TOPICAL TERM | |
| Topical Term | Islam, Quran |
| 942 ## - ADDED ENTRY ELEMENTS (KOHA) | |
| Koha item type | Books |
| Withdrawn status | Lost status | Collection code | Permanent Location | Current Location | Shelving location | Date acquired | Full call number | Accession Number | Koha item type |
|---|---|---|---|---|---|---|---|---|---|
| | | Islamic Studies | MAJU | MAJU | Shelf No.A-9 | 2022-12-07 | 297.12 HUS | 10617 | Books |